00646cam a22002173a 45000010005000000030006000050050017000110080041000280400015000690420007000840500007000911000038000982450079001362600029002155060030002445160020002746530036002946530029003308300028003598560041003877776PGUSA20140828083149.0050301s2005||||xxu|||||s|||||000 1 eng d aPGUSAbeng adc 4aPS1 aBuck, Charles Neville,d1879-193014aThe Call of the Cumberlandsh[electronic resource] /cCharles Neville Buck bProject Gutenberg,c2005 aPublic domain in the USA. aElectronic text aCumberland Mountains -- Fiction aMountain life -- Fiction 0aProject Gutenbergv777640uhttp://www.gutenberg.org/ebooks/7776